Catálogo
 En Linea

The diviners / (Registro nro. 19355)

Detalles MARC
000 -CABECERA
campo de control de longitud fija 00597cam a2200205 a 4500
001 - NÚMERO DE CONTROL
campo de control 000019842
005 - FECHA Y HORA DE LA ÚLTIMA TRANSACCIÓN
campo de control 20200929170148.0
008 - DATOS DE LONGITUD FIJA--INFORMACIÓN GENERAL
campo de control de longitud fija 750306s1974 xxc 000 1 eng d
020 ## - NÚMERO INTERNACIONAL ESTÁNDAR DEL LIBRO
Número Internacional Estándar del Libro 0771047487
040 ## - FUENTE DE LA CATALOGACIÓN
Centro catalogador/agencia de origen DO-SdBNP
Lengua de catalogación eng
Centro/agencia transcriptor LC
Centro/agencia modificador BNPHU
082 ## - NÚMERO DE LA CLASIFICACIÓN DECIMAL DEWEY
Número de clasificación 813.54
Número de documento/Ítem L379d
049 ## - FONDOS LOCALES (OCLC)
Fondos de biblioteca BNGR
100 1# - ENTRADA PRINCIPAL--NOMBRE DE PERSONA
Nombre de persona Laurence, Margaret.
9 (RLIN) 42350
245 14 - MENCIÓN DE TÍTULO
Título The diviners /
Mención de responsabilidad, etc. Margaret Laurence.
260 ## - PUBLICACIÓN, DISTRIBUCIÓN, ETC.
Lugar de publicación, distribución, etc. Toronto :
Nombre del editor, distribuidor, etc. McClelland and Stewart,
Fecha de publicación, distribución, etc. 1974.
300 ## - DESCRIPCIÓN FÍSICA
Extensión 382 p. ;
Dimensiones 25 cm.
650 #4 - PUNTO DE ACCESO ADICIONAL DE MATERIA--TÉRMINO DE MATERIA
Término de materia o nombre geográfico como elemento de entrada Novela estadounidense
9 (RLIN) 262
650 #4 - PUNTO DE ACCESO ADICIONAL DE MATERIA--TÉRMINO DE MATERIA
Término de materia o nombre geográfico como elemento de entrada Literatura estadounidense
9 (RLIN) 263
910 ## - DATOS DE OPCIÓN DEL USUARIO (OCLC)
Datos de opción del usuario Catalogación derivada / LC
Existencias
Estado de retiro Estado de pérdida Restricciones de uso No para préstamo Código de colección Localización permanente Ubicación/localización actual Ubicación en estantería Fecha de adquisición Número de inventario Total de préstamos Signatura topográfica completa Código de barras Fecha visto por última vez Precio válido a partir de Tipo de ítem Koha
        Monografías: Libros y Folletos General General En catalogación 07.07.2010 LF1   813.54 L379d 19842-10 25.06.2020 25.06.2020 Préstamo en sala

Con tecnología Koha